00830nam a22002297a 4500010001500000020002600015020002300041035001300064037001300077082001200090100001700102245005700119260004500176270006600221300002500287490003700312500005000349650003600399942002600435999001700461952012200478 aENG-112119 a9780198089353c225.00 a019808935Xc225.00 aEN-95651 bDBAD/PUB a342.023 aNaib, Sudhir aThe right to information in India / cby Sudhir Naib aNew DelhibOxford University Pressc2013 aYMCA Library Building, 1, Jai Singh Road, bNew Delhie110001 axvi,236p.c22cm(pbk) aOxford India short introductions aIncludes bibliographical references and index a Freedom of informationzIndia. 2ddccENmNAIh342.023 c91291d91291 001040718NFICaDBADbDBADd2015-02-06eDBAD/PUBg225.00l0o342.023 NAIpEN-95651r2015-02-06 00:00:00v225.00yEN